[Event "11th EUR-ch"]
[Site "Rijeka CRO"]
[Date "2010.03.16"]
[Round "10"]
[White "Monjac, Mislav"]
[Black "Berkovich, Mark"]
[Result "0-1"]
[WhiteElo "1876"]
[BlackElo "2401"]
[EventDate "2010.03.06"]
[PlyCount "70"]

1.e4 d5 2.exd5 Qxd5 3.Nc3 Qa5 4.g3 Nf6 5.Bg2 Bg4 6.Nge2 c6 7.b4 Qc7 8.O-O 
e6 9.Rb1 Be7 10.d3 O-O 11.Be3 Nbd7 12.f4 Nb6 13.h3 Bh5 14.Qd2 Rad8 15.Qe1 
Nbd5 16.Nxd5 Nxd5 17.Bxd5 Rxd5 18.Nc3 Rdd8 19.Qf2 b6 20.g4 Bg6 21.Qg2 f6 
22.Bd2 c5 23.f5 Bf7 24.Ne4 c4 25.fxe6 Bxe6 26.Bf4 Qd7 27.Rfd1 f5 28.gxf5 
Rxf5 29.Bh6 Rf7 30.dxc4 Qxd1+ 31.Rxd1 Rxd1+ 32.Kh2 Bxb4 33.Nf6+ Kh8 34.Qe2
Re1 35.Qg2 Bd6+ 0-1

[Event "11th EUR-ch"]
[Site "Rijeka CRO"]
[Date "2010.03.16"]
[Round "10"]
[White "Lekic, Dusan"]
[Black "Guidi, Maurizio"]
[Result "1-0"]
[WhiteElo "2396"]
[BlackElo "2050"]
[EventDate "2010.03.06"]
[PlyCount "80"]

1.e4 c5 2.Nf3 Nc6 3.d4 cxd4 4.Nxd4 g6 5.c4 Bg7 6.Be3 Nf6 7.Nc3 Ng4 8.Qxg4 
Nxd4 9.Qd1 e5 10.Bd3 O-O 11.O-O d6 12.Qd2 Be6 13.Rad1 Qa5 14.b3 Rfe8 15.
Ne2 Qxd2 16.Rxd2 Nxe2+ 17.Bxe2 Bf8 18.Rd3 Be7 19.Rfd1 a6 20.Bb6 Rec8 21.a4
Rc6 22.a5 Rac8 23.g3 Kf8 24.Kg2 Bd8 25.Bxd8 Rxd8 26.f4 f6 27.h3 Ke7 28.Bg4
Rc5 29.Bxe6 Kxe6 30.Rd5 Rxd5 31.Rxd5 Rc8 32.Kf3 Rc5 33.f5+ gxf5 34.exf5+ 
Kxf5 35.Rxd6 Rxa5 36.Rb6 Ra1 37.g4+ Kg6 38.Rxb7 Rh1 39.c5 Rc1 40.b4 a5 1-0

[Event "11th EUR-ch"]
[Site "Rijeka CRO"]
[Date "2010.03.16"]
[Round "10"]
[White "Kadric, Denis"]
[Black "Golubovic, Boris"]
[Result "1/2-1/2"]
[WhiteElo "2171"]
[BlackElo "2392"]
[EventDate "2010.03.06"]
[PlyCount "131"]

1.e4 e6 2.d4 d5 3.e5 c5 4.c3 Bd7 5.Nf3 Qb6 6.Bd3 cxd4 7.Nxd4 Nc6 8.Nxc6 
bxc6 9.O-O Ne7 10.Nd2 Ng6 11.Nf3 Be7 12.Re1 a5 13.Qe2 h6 14.g3 Bc5 15.Rb1 
Qa7 16.Qc2 O-O 17.Be3 Ne7 18.Qd2 Bxe3 19.Qxe3 Qxe3 20.Rxe3 c5 21.b3 Bc6 
22.Nd2 Rfd8 23.Ree1 Rab8 24.a3 Bb5 25.Bxb5 Rxb5 26.b4 axb4 27.cxb4 cxb4 
28.Rxb4 Rxb4 29.axb4 Rb8 30.Rb1 Nc6 31.b5 Nxe5 32.f4 Nc4 33.Nxc4 dxc4 34.
Kf2 c3 35.Ke3 c2 36.Rc1 Rxb5 37.Rxc2 g5 38.Kf3 Kg7 39.fxg5 hxg5 40.g4 Rb6 
41.Kg3 Kg6 42.Rc3 f5 43.gxf5+ exf5 44.h3 Kf6 45.Ra3 Rb5 46.Rc3 Ke5 47.Re3+
Kd4 48.Ra3 Ke4 49.Ra4+ Ke5 50.Ra3 Rd5 51.Re3+ Kd4 52.Re1 Rc5 53.Rd1+ Ke3 
54.Re1+ Kd2 55.Rf1 Ke2 56.Rf2+ Ke3 57.Rf1 Rd5 58.Re1+ Kd2 59.Rf1 Rd3+ 60.
Kg2 Rd5 61.Kg3 Rd3+ 62.Kg2 f4 63.Rf2+ Kc3 64.Rf3 Re3 65.h4 gxh4 66.Rxf4 
1/2-1/2

[Event "11th EUR-ch"]
[Site "Rijeka CRO"]
[Date "2010.03.16"]
[Round "10"]
[White "Elkin, Leonid"]
[Black "Cioara, Andrei-Nestor"]
[Result "0-1"]
[WhiteElo "2189"]
[BlackElo "2430"]
[EventDate "2010.03.06"]
[PlyCount "68"]

1.e4 e6 2.d4 d5 3.Nc3 Bb4 4.e5 c5 5.a3 Ba5 6.b4 cxd4 7.Qg4 Ne7 8.bxa5 dxc3
9.Qxg7 Rg8 10.Qxh7 Nbc6 11.Nf3 Qc7 12.Bf4 Bd7 13.a6 O-O-O 14.axb7+ Kb8 15.
Qd3 Rg4 16.Bg3 Re4+ 17.Be2 Nf5 18.O-O Ncd4 19.Nxd4 Nxd4 20.Bf3 Bb5 21.Bxe4
Ne2+ 22.Kh1 Bxd3 23.Bxd3 Nxg3+ 24.fxg3 Qxe5 25.Rxf7 Qd6 26.Raf1 e5 27.R1f6
Qxa3 28.Rc6 Qa4 29.Ra6 Qe8 30.Rf1 e4 31.Be2 d4 32.Rfa1 d3 33.Bf1 dxc2 34.
Be2 Rd2 0-1

[Event "11th EUR-ch"]
[Site "Rijeka CRO"]
[Date "2010.03.16"]
[Round "10"]
[White "Tassopoulos, Marios"]
[Black "Zueger, Beat"]
[Result "1/2-1/2"]
[WhiteElo "2245"]
[BlackElo "2425"]
[EventDate "2010.03.06"]
[PlyCount "36"]

1.e4 e6 2.d4 d5 3.Nd2 Nf6 4.e5 Nfd7 5.c3 c5 6.Bd3 Nc6 7.Ne2 cxd4 8.cxd4 f6
9.exf6 Nxf6 10.O-O Bd6 11.Nf3 O-O 12.Bf4 Bxf4 13.Nxf4 Ne4 14.g3 Ng5 15.Ne5
Rxf4 16.gxf4 Nh3+ 17.Kh1 Nxf4 18.Rg1 Qf6 1/2-1/2

[Event "11th EUR-ch"]
[Site "Rijeka CRO"]
[Date "2010.03.16"]
[Round "10"]
[White "Pancevski, Filip"]
[Black "Sgnaolin, Davide"]
[Result "1/2-1/2"]
[WhiteElo "2423"]
[BlackElo "2234"]
[EventDate "2010.03.06"]
[PlyCount "104"]

1.e4 c5 2.Nf3 Nc6 3.d4 cxd4 4.Nxd4 g6 5.c4 Bg7 6.Be3 Nf6 7.Nc3 Ng4 8.Qxg4 
Nxd4 9.Qd1 e5 10.Nb5 O-O 11.Be2 Qa5+ 12.Bd2 Qb6 13.O-O d6 14.Nxd4 exd4 15.
Qb3 Qc6 16.Qd3 Re8 17.Bf3 Be6 18.b3 Qa6 19.Bc1 f5 20.Bb2 fxe4 21.Bxe4 d5 
22.cxd5 Qxd3 23.Bxd3 Bxd5 24.Rfd1 Red8 25.Kf1 Rac8 26.Rac1 Bf6 27.f3 Rxc1 
28.Rxc1 Bc6 29.Re1 Kg7 30.Re2 Rd7 31.Ke1 Bd5 32.Kd2 Bg5+ 33.Kd1 Bf6 34.Be4
Kf7 35.Bd3 Rc7 36.Rc2 Rxc2 37.Kxc2 Ke6 38.Bc1 a6 39.Bd2 Be5 40.h3 Bg3 41.
Bh6 Be5 42.Kd1 Bf6 43.Be2 Bc6 44.Bd2 Kd6 45.Bb4+ Ke6 46.Ba5 Kd6 47.Kd2 Kc5
48.a3 Bd7 49.Kc2 Bc6 50.Bb4+ Kd5 51.Be1 Kc5 52.a4 Kb6 1/2-1/2

[Event "11th EUR-ch"]
[Site "Rijeka CRO"]
[Date "2010.03.16"]
[Round "10"]
[White "Lanzani, Mario"]
[Black "Sheskin, Matan"]
[Result "1-0"]
[WhiteElo "2371"]
[BlackElo "2207"]
[EventDate "2010.03.06"]
[PlyCount "47"]

1.e4 e5 2.f4 exf4 3.Nf3 g5 4.Bc4 g4 5.O-O gxf3 6.Qxf3 Qf6 7.e5 Qxe5 8.
Bxf7+ Kxf7 9.d4 Qxd4+ 10.Be3 Qf6 11.Bxf4 Ne7 12.Nc3 Qf5 13.Qe3 d6 14.Bg5 
Nbc6 15.g4 Bg7 16.Nb5 Qxf1+ 17.Rxf1+ Ke8 18.Bxe7 Nxe7 19.Nxc7+ Kd7 20.Nxa8
b6 21.Rf7 Be5 22.Qg5 Re8 23.Nc7 h6 24.Qh4 1-0

[Event "11th EUR-ch"]
[Site "Rijeka CRO"]
[Date "2010.03.16"]
[Round "10"]
[White "Pogosian, Vladimir"]
[Black "Bentivegna, Francesco"]
[Result "0-1"]
[WhiteElo "2204"]
[BlackElo "2361"]
[EventDate "2010.03.06"]
[PlyCount "76"]

1.e4 e5 2.Nc3 Nf6 3.Nf3 Nc6 4.g3 d5 5.exd5 Nxd5 6.Bg2 Nxc3 7.bxc3 Bc5 8.
O-O O-O 9.d3 h6 10.Re1 Qf6 11.Rb1 Bb6 12.Qe2 Re8 13.Nd2 Bg4 14.Qf1 Rad8 
15.Nc4 Bf3 16.Bh3 Bd5 17.Nxb6 axb6 18.Re3 Bxa2 19.Ra1 Bd5 20.g4 Ne7 21.Rg3
g5 22.c4 Bc6 23.Bb2 Ng6 24.Re3 Nh4 25.Ra7 Nf3+ 26.Rxf3 Qxf3 27.Bg2 Qxg4 
28.f3 Qf4 29.Qe1 Bxf3 30.Bxf3 Qxf3 31.Ra1 Rd6 32.d4 Qg4+ 33.Kh1 Rf6 34.Ra3
Rf3 35.Qe2 e4 36.Ra1 e3 37.Rg1 Qe4 38.Qg2 e2 0-1

[Event "11th EUR-ch"]
[Site "Rijeka CRO"]
[Date "2010.03.16"]
[Round "10"]
[White "Hoffmann, Paul"]
[Black "Jelecevic, Ivo"]
[Result "1-0"]
[WhiteElo "2361"]
[BlackElo "2203"]
[EventDate "2010.03.06"]
[PlyCount "71"]

1.e4 c5 2.Nf3 d6 3.d4 cxd4 4.Nxd4 Nf6 5.Nc3 Nc6 6.Bg5 e6 7.Qd2 a6 8.O-O-O 
Bd7 9.f3 b5 10.Kb1 Qb8 11.g4 Ne5 12.Bd3 Be7 13.h4 O-O 14.h5 Rc8 15.Be3 b4 
16.Nce2 Bb5 17.Nc1 Nfd7 18.g5 Nf8 19.Rdg1 b3 20.axb3 Bxd3 21.Nxd3 a5 22.f4
a4 23.fxe5 dxe5 24.b4 exd4 25.Bxd4 Rc4 26.c3 Nd7 27.e5 Nf8 28.g6 fxg6 29.
hxg6 Nxg6 30.Qh2 Nf8 31.Qh6 g6 32.Rf1 Qb7 33.Qf4 Rxd4 34.cxd4 Bxb4 35.Nxb4
a3 36.bxa3 1-0

[Event "11th EUR-ch"]
[Site "Rijeka CRO"]
[Date "2010.03.16"]
[Round "10"]
[White "Ernst, Michael"]
[Black "Pankov, German"]
[Result "1/2-1/2"]
[WhiteElo "2166"]
[BlackElo "2353"]
[EventDate "2010.03.06"]
[PlyCount "59"]

1.d4 d5 2.Bf4 c5 3.e3 Qb6 4.Nc3 e6 5.Nb5 Na6 6.c3 Nf6 7.Nf3 Be7 8.dxc5 
Bxc5 9.Bd3 O-O 10.O-O Bd7 11.Qe2 Rfc8 12.a4 Be8 13.h3 Bf8 14.Be5 Qd8 15.
Rfd1 Nc5 16.Bc2 a6 17.Nbd4 Nce4 18.Nd2 Nxd2 19.Rxd2 Nd7 20.Bg3 Nb6 21.Rdd1
Nc4 22.Bd3 Qb6 23.Rdb1 g6 24.e4 Bg7 25.e5 Na5 26.Bf4 Qc7 27.Re1 Bd7 28.Bg5
Re8 29.h4 Nc6 30.Nf3 1/2-1/2

[Event "11th EUR-ch"]
[Site "Rijeka CRO"]
[Date "2010.03.16"]
[Round "10"]
[White "Szamoskozi, Gabor"]
[Black "Hartung, Jerry"]
[Result "1-0"]
[WhiteElo "2347"]
[BlackElo "2191"]
[EventDate "2010.03.06"]
[PlyCount "27"]

1.e4 e5 2.Nf3 Nc6 3.d4 exd4 4.Nxd4 Bc5 5.Be3 Qf6 6.c3 Nge7 7.Bc4 Ne5 8.Be2
Qg6 9.O-O d6 10.f4 Bh3 11.Rf2 Ng4 12.f5 Nxe3 13.Qa4+ b5 14.Bxb5+ 1-0

[Event "11th EUR-ch"]
[Site "Rijeka CRO"]
[Date "2010.03.16"]
[Round "10"]
[White "Astengo, Corrado"]
[Black "Lorscheid, Gerhard"]
[Result "1/2-1/2"]
[WhiteElo "2136"]
[BlackElo "2328"]
[EventDate "2010.03.06"]
[PlyCount "40"]

1.e4 e5 2.Nf3 d6 3.d4 exd4 4.Nxd4 Nf6 5.Nc3 Be7 6.Bc4 O-O 7.Bb3 Na6 8.O-O 
Nc5 9.Re1 Nxb3 10.axb3 Re8 11.h3 Bd7 12.Qf3 h6 13.Nf5 Bf8 14.Be3 Kh7 15.
Bd4 Re6 16.Nd5 Nxd5 17.exd5 Rg6 18.Re2 c5 19.Bc3 Kg8 20.Rae1 Bxf5 1/2-1/2

[Event "11th EUR-ch"]
[Site "Rijeka CRO"]
[Date "2010.03.16"]
[Round "10"]
[White "Bozinovic, Boban"]
[Black "Plenca, Julijan"]
[Result "1-0"]
[WhiteElo "2086"]
[BlackElo "2323"]
[EventDate "2010.03.06"]
[PlyCount "81"]

1.e4 e5 2.Nf3 Nc6 3.d4 exd4 4.Nxd4 Nf6 5.Nxc6 bxc6 6.Bd3 d5 7.exd5 cxd5 8.
Bb5+ Bd7 9.Bxd7+ Qxd7 10.O-O Be7 11.c4 d4 12.Qd3 O-O 13.Re1 Rfe8 14.Bg5 
Rab8 15.b3 Bb4 16.Nd2 Bxd2 17.Bxd2 h6 18.h3 Qd6 19.Qf5 d3 20.Bf4 Qd4 21.
Be3 Rxe3 22.fxe3 Qd6 23.Rad1 Rd8 24.Rd2 Qg3 25.Kf1 Re8 26.Rxd3 Ne4 27.Rd7 
Nd6 28.Qf4 Qg6 29.Rxc7 Re6 30.Kg1 Rf6 31.Qg4 Qd3 32.Qe2 Qc3 33.Rxa7 Ne4 
34.Rd1 g6 35.Rad7 Ng3 36.Rd8+ Kg7 37.Qd2 Qe5 38.Rd5 Qe4 39.Rd4 Qc6 40.Qb2 
Kh7 41.Rf4 1-0

[Event "11th EUR-ch"]
[Site "Rijeka CRO"]
[Date "2010.03.16"]
[Round "10"]
[White "Chudinovskikh, Alexander"]
[Black "Levine, Yonatan"]
[Result "1/2-1/2"]
[WhiteElo "2314"]
[BlackElo "2096"]
[EventDate "2010.03.06"]
[PlyCount "57"]

1.d4 Nf6 2.Nf3 g6 3.g3 Bg7 4.Bg2 d6 5.O-O O-O 6.Nc3 d5 7.Bf4 c6 8.h3 Nbd7 
9.Qd2 Ne4 10.Nxe4 dxe4 11.Ng5 Nb6 12.Nxe4 Qxd4 13.Qxd4 Bxd4 14.c3 Bg7 15.
Rad1 Na4 16.Rd2 f5 17.Ng5 e5 18.Be3 h6 19.Nf3 g5 20.Rc2 e4 21.Nd4 f4 22.
gxf4 gxf4 23.Bc1 c5 24.Nb5 f3 25.exf3 exf3 26.Bh1 Bxh3 27.Re1 Rae8 28.Rxe8
Rxe8 29.Be3 1/2-1/2

[Event "11th EUR-ch"]
[Site "Rijeka CRO"]
[Date "2010.03.16"]
[Round "10"]
[White "Zelic, Mladen"]
[Black "Milonakis, Georgios"]
[Result "1-0"]
[WhiteElo "2306"]
[BlackElo "2154"]
[EventDate "2010.03.06"]
[PlyCount "69"]

1.e4 c5 2.d4 cxd4 3.c3 d3 4.Bxd3 Nc6 5.Nf3 g6 6.c4 Bg7 7.O-O d6 8.h3 Nf6 
9.Nc3 O-O 10.Be3 b6 11.Rc1 Bb7 12.Qd2 Rc8 13.Rfd1 Nd7 14.Bh6 Nce5 15.Nxe5 
Bxh6 16.Qxh6 Nxe5 17.b3 Nxd3 18.Rxd3 Qe8 19.Re1 Rc5 20.Nd5 b5 21.e5 Bxd5 
22.cxd5 dxe5 23.Rxe5 f6 24.Re6 Qd7 25.Rde3 Rc1+ 26.Kh2 Rc7 27.Qf4 Rf7 28.
d6 exd6 29.Rxd6 g5 30.Qd4 Qf5 31.Rd5 Rcd7 32.Rxf5 Rxd4 33.Rxb5 Rd2 34.Ra5 
h5 35.Re8+ 1-0

[Event "11th EUR-ch"]
[Site "Rijeka CRO"]
[Date "2010.03.16"]
[Round "10"]
[White "Katzir, Moshe"]
[Black "Porfireanu, Serban"]
[Result "1-0"]
[WhiteElo "2288"]
[BlackElo "2034"]
[EventDate "2010.03.06"]
[PlyCount "81"]

1.e4 c6 2.d4 d5 3.e5 Bf5 4.Nd2 e6 5.Nb3 Qc7 6.Be3 Nd7 7.f4 h6 8.Nf3 a5 9.
a4 Ne7 10.Be2 Be4 11.O-O Nf5 12.Bf2 Bxf3 13.Bxf3 c5 14.c3 g6 15.g4 Ng7 16.
Be2 c4 17.Nd2 Rc8 18.b3 Nb6 19.bxc4 dxc4 20.Ne4 Be7 21.Nf6+ Kf8 22.Ne4 h5 
23.h3 Nd5 24.Qd2 hxg4 25.hxg4 Qd8 26.Bg3 Bh4 27.Bh2 Ne8 28.f5 gxf5 29.gxf5
exf5 30.Rxf5 Rc6 31.Bh5 Rh7 32.Raf1 Rg7+ 33.Kh1 Kg8 34.Bxf7+ Rxf7 35.Rxf7 
Ndf6 36.d5 Nxe4 37.Rf8+ Kh7 38.R1f7+ Kg6 39.Qg2+ Ng3+ 40.Bxg3 Bg5 41.Qe4+ 
1-0

[Event "11th EUR-ch"]
[Site "Rijeka CRO"]
[Date "2010.03.16"]
[Round "10"]
[White "Nastic, Milorad"]
[Black "Fucak, Emilijo"]
[Result "0-1"]
[WhiteElo "2009"]
[BlackElo "2280"]
[EventDate "2010.03.06"]
[PlyCount "82"]

1.e4 c5 2.Nf3 e6 3.Nc3 Nc6 4.Bb5 Nge7 5.O-O a6 6.Bxc6 Nxc6 7.Re1 b5 8.d4 
cxd4 9.Nxd4 Qc7 10.Nce2 Be7 11.c3 Bb7 12.Ng3 h6 13.f4 Rc8 14.Be3 g6 15.Rc1
h5 16.f5 h4 17.Nf1 Ne5 18.Bf4 g5 19.Bxe5 Qxe5 20.Nf3 Qf4 21.Qd2 Bc5+ 22.
Kh1 Qxd2 23.N1xd2 g4 24.Nd4 Ke7 25.N2b3 Bb6 26.Rcd1 h3 27.g3 Rh5 28.fxe6 
dxe6 29.Re2 e5 30.Nc2 f5 31.Nd2 Rd8 32.Rde1 Rh6 33.Nb4 Rhd6 34.Nd5+ Rxd5 
35.exd5 Bxd5+ 36.Ne4 Bb7 37.b3 Ba8 38.a4 bxa4 39.b4 Rd3 40.c4 Bd4 41.Rc1 
Re3 0-1

[Event "11th EUR-ch"]
[Site "Rijeka CRO"]
[Date "2010.03.16"]
[Round "10"]
[White "Stefan, Mario"]
[Black "Veleski, Robert"]
[Result "0-1"]
[WhiteElo "1968"]
[BlackElo "2278"]
[EventDate "2010.03.06"]
[PlyCount "116"]

1.e4 c5 2.Nf3 Nc6 3.c3 d6 4.d4 Nf6 5.dxc5 Nxe4 6.cxd6 Qxd6 7.Qxd6 Nxd6 8.
Bd3 e5 9.Nbd2 Bg4 10.Ng5 Be7 11.Nde4 Rd8 12.Nxd6+ Rxd6 13.Be2 Bxe2 14.Kxe2
Rg6 15.Ne4 f5 16.Ng3 f4 17.Ne4 Rxg2 18.b4 O-O 19.Kf3 Rg6 20.Bb2 Rh6 21.
Rad1 Rd8 22.Rxd8+ Nxd8 23.c4 Bxb4 24.Bxe5 Rh3+ 25.Kxf4 Rd3 26.Rg1 Ne6+ 27.
Kf5 Kf7 28.Rg3 Rd1 29.Rb3 Re1 30.f3 Rg1 31.Nf2 g6+ 32.Ke4 Nc5+ 33.Kd5 Nxb3
34.axb3 Rb1 35.Ng4 Rxb3 36.Nh6+ Ke7 37.Ng8+ Kd7 38.Nf6+ Kc8 39.c5 Rxf3 40.
Nxh7 Rf5 41.Ke6 Bxc5 42.Nf6 Bg1 43.Nd5 Rxe5+ 44.Kxe5 Bxh2+ 45.Kf6 Kd7 46.
Kxg6 Ke6 47.Ne3 b5 48.Kg5 a5 49.Kg4 Bg1 50.Nc2 b4 51.Kf3 Bc5 52.Ke4 b3 53.
Kd3 b2 54.Na3 Bxa3 55.Kc2 Kd5 56.Kb1 Ke4 57.Kc2 Ke3 58.Kb1 Kd2 0-1

[Event "11th EUR-ch"]
[Site "Rijeka CRO"]
[Date "2010.03.16"]
[Round "10"]
[White "Srdoc, Nenad"]
[Black "Maevsky, Nikolay"]
[Result "0-1"]
[WhiteElo "1949"]
[BlackElo "2275"]
[EventDate "2010.03.06"]
[PlyCount "73"]

1.e4 c5 2.Nc3 g6 3.g3 Bg7 4.Bg2 Nc6 5.d3 Rb8 6.Be3 b5 7.Qd2 b4 8.Nd1 d6 9.
Ne2 h5 10.h4 Nf6 11.d4 cxd4 12.Nxd4 Ne5 13.b3 Bd7 14.f3 O-O 15.O-O Qc7 16.
c3 d5 17.Rc1 Rfc8 18.c4 Rd8 19.Nf2 Bc8 20.Nh3 Ba6 21.Nf4 Qd7 22.Bh3 Qb7 
23.Nxd5 Nh7 24.f4 Ng4 25.Bxg4 hxg4 26.Nc6 e6 27.Na5 Qd7 28.Nxb4 Bb7 29.
Nxb7 Qxb7 30.Nd3 Qxe4 31.Rce1 Qc6 32.Nf2 f5 33.Re2 Ra8 34.Qc2 e5 35.Nd3 
Nf6 36.fxe5 Ne4 37.Kh2 0-1

[Event "11th EUR-ch"]
[Site "Rijeka CRO"]
[Date "2010.03.16"]
[Round "10"]
[White "Pfeifer, Antun"]
[Black "Nakar, Eylon"]
[Result "0-1"]
[WhiteElo "1882"]
[BlackElo "2264"]
[EventDate "2010.03.06"]
[PlyCount "74"]

1.e4 e6 2.d4 d5 3.Nc3 Nf6 4.Bg5 Bb4 5.e5 h6 6.Bd2 Bxc3 7.bxc3 Ne4 8.Qg4 g6
9.Bd3 Nxd2 10.Kxd2 c5 11.Nf3 Bd7 12.Rhb1 Bc6 13.Bxg6 fxg6 14.Qxe6+ Qe7 15.
Qxg6+ Qf7 16.Qxf7+ Kxf7 17.Re1 Na6 18.Nh4 Bd7 19.Rab1 b5 20.f4 b4 21.cxb4 
cxb4 22.f5 Ba4 23.g4 Rac8 24.Rb2 Rc4 25.Nf3 Rhc8 26.Ke3 Bxc2 27.Kf4 Nc5 
28.Kg3 Nd3 29.e6+ Kf6 30.Rxc2 Nxe1 31.Rxc4 dxc4 32.Nxe1 b3 33.h4 b2 34.Kf4
b1=Q 35.g5+ hxg5+ 36.hxg5+ Ke7 37.Nf3 Rf8 0-1

[Event "11th EUR-ch"]
[Site "Rijeka CRO"]
[Date "2010.03.16"]
[Round "10"]
[White "Kanarek, Marcel"]
[Black "Pejic, Igor"]
[Result "1-0"]
[WhiteElo "2388"]
[BlackElo "1900"]
[EventDate "2010.03.06"]
[PlyCount "97"]

1.e4 c6 2.d4 d5 3.Nc3 dxe4 4.Nxe4 Bf5 5.Ng3 Bg6 6.h4 h6 7.Nf3 Nd7 8.h5 Bh7
9.Bd3 Bxd3 10.Qxd3 Qc7 11.Bd2 e6 12.Ne4 Ngf6 13.O-O-O O-O-O 14.g3 Nxe4 15.
Qxe4 Nf6 16.Qe2 Rd5 17.Bf4 Bd6 18.Bxd6 Rxd6 19.Ne5 Rhd8 20.Qe3 c5 21.dxc5 
Rxd1+ 22.Rxd1 Rxd1+ 23.Kxd1 Nxh5 24.b4 b6 25.c6 Qd6+ 26.Qd2 Qxd2+ 27.Kxd2 
b5 28.Nxf7 Kc7 29.Ne5 Nf6 30.c4 bxc4 31.Kc3 Ne4+ 32.Kxc4 Nxf2 33.Kb5 Ne4 
34.Ka6 Kb8 35.Nd7+ Kc7 36.Ne5 Kb8 37.Nd7+ Kc7 38.b5 Nc3 39.a4 Nxa4 40.Kxa7
h5 41.Nf8 e5 42.Ne6+ Kc8 43.b6 Nxb6 44.Kxb6 e4 45.Nd4 e3 46.c7 g5 47.Kc6 
e2 48.Nb5 e1=Q 49.Nd6# 1-0

[Event "11th EUR-ch"]
[Site "Rijeka CRO"]
[Date "2010.03.16"]
[Round "10"]
[White "Platzgummer, Fabian"]
[Black "Chubar, Vladimir"]
[Result "1-0"]
[WhiteElo "2383"]
[BlackElo "2114"]
[EventDate "2010.03.06"]
[PlyCount "109"]

1.Nf3 d5 2.d4 c6 3.c4 e6 4.e3 f5 5.Bd3 Nf6 6.O-O Bd6 7.b3 Qe7 8.Bb2 O-O 9.
Qc1 a5 10.Ba3 Ne4 11.Bxd6 Qxd6 12.c5 Qe7 13.Ne5 Nd7 14.f4 Rf6 15.Qe1 Nxe5 
16.fxe5 Rh6 17.Bxe4 fxe4 18.a3 Bd7 19.Ra2 Be8 20.Raf2 Bh5 21.Rf4 Rg6 22.
R1f2 Rg4 23.Nc3 Rxf4 24.Rxf4 b6 25.Na4 b5 26.Nb6 Rf8 27.Rxf8+ Qxf8 28.Qxa5
Bd1 29.a4 bxa4 30.bxa4 Be2 31.Qa8 Qxa8 32.Nxa8 Kf8 33.Kf2 Bd3 34.Ke1 Ke7 
35.Kd2 Bf1 36.g3 Kd7 37.Kc3 Kc8 38.Kb4 Kb7 39.Nb6 Kc7 40.a5 Be2 41.Na4 Ba6
42.Nc3 Kd7 43.Ka4 g5 44.h3 h5 45.h4 g4 46.Na2 Kc7 47.Nb4 Kb7 48.Kb3 Bf1 
49.Kc2 Bc4 50.Kd2 Bf1 51.Ke1 Bd3 52.Kf2 Bb5 53.Nc2 Ka6 54.Ne1 Kxa5 55.Ng2 
1-0

[Event "11th EUR-ch"]
[Site "Rijeka CRO"]
[Date "2010.03.16"]
[Round "10"]
[White "Neagos, Raul-Alexandru"]
[Black "Jacobsen, Bo"]
[Result "0-1"]
[WhiteElo "2100"]
[BlackElo "2375"]
[EventDate "2010.03.06"]
[PlyCount "76"]

1.d4 Nf6 2.Bg5 e6 3.e4 h6 4.Bxf6 Qxf6 5.c3 d6 6.Bd3 e5 7.Ne2 exd4 8.cxd4 
c5 9.Nbc3 Nc6 10.d5 Ne5 11.Bb5+ Nd7 12.O-O Be7 13.Ng3 O-O 14.Bxd7 Bxd7 15.
e5 Qxe5 16.Re1 Qf6 17.Nh5 Qg5 18.f4 Qg6 19.Rxe7 Bg4 20.Qe1 Bxh5 21.Qe3 b5 
22.Re1 Bg4 23.h3 Bf5 24.b4 cxb4 25.Nxb5 a5 26.Nd4 h5 27.Nc6 Qf6 28.Qf3 h4 
29.R7e3 g6 30.Qf2 Kg7 31.Re7 Bd3 32.Nd4 Kg8 33.f5 Bxf5 34.R7e4 Qg5 35.Rxh4
Rae8 36.Rf1 Be4 37.Rg4 Qxd5 38.Ne2 Qxa2 0-1

[Event "11th EUR-ch"]
[Site "Rijeka CRO"]
[Date "2010.03.16"]
[Round "10"]
[White "Krauss, Josef"]
[Black "Wintzer, Joachim"]
[Result "0-1"]
[WhiteElo "2100"]
[BlackElo "2361"]
[EventDate "2010.03.06"]
[PlyCount "130"]

1.e4 e6 2.d4 d5 3.e5 c5 4.c3 Nc6 5.Nf3 Qb6 6.a3 c4 7.Nbd2 Na5 8.Be2 Bd7 9.
O-O Ne7 10.Re1 h6 11.Rb1 O-O-O 12.b3 cxb3 13.c4 dxc4 14.Nxc4 Nxc4 15.Bxc4 
Ba4 16.Bxb3 Bxb3 17.Rxb3 Qa6 18.Be3 Nd5 19.Nd2 Qc6 20.Qb1 Kb8 21.Rc1 Qd7 
22.Nc4 Rc8 23.a4 Be7 24.Qb2 Ka8 25.a5 Qa4 26.Nd6 Rxc1+ 27.Bxc1 Bxd6 28.
exd6 Qxa5 29.Bd2 Qa4 30.h3 Qd7 31.Bb4 Rc8 32.Ba3 b6 33.Rf3 Kb7 34.h4 h5 
35.Qe2 g6 36.Qd2 Rc4 37.g3 a6 38.Qb2 Ka7 39.Rb3 Qc6 40.Rf3 Qd7 41.Qb3 Rc8 
42.Kh2 Rg8 43.Qd3 a5 44.Qd2 f6 45.Rb3 Qa4 46.Rf3 Qc6 47.Rb3 Qa4 48.Rf3 Rg7
49.Qh6 Qd7 50.Rb3 Rg8 51.Qd2 Qa4 52.Rf3 Rd8 53.Qh6 Qe8 54.Rb3 Ka6 55.Qd2 
Qa4 56.Rf3 f5 57.Qe2+ Qb5 58.Qxe6 f4 59.gxf4 Nb4 60.f5 gxf5 61.Rxf5 Qc6 
62.Bxb4 axb4 63.Qa2+ Kb7 64.Rf7+ Rd7 65.Rf8 Qxd6+ 0-1

[Event "11th EUR-ch"]
[Site "Rijeka CRO"]
[Date "2010.03.16"]
[Round "10"]
[White "Nedochetov, Mikhail"]
[Black "Lazic, Dusko"]
[Result "1-0"]
[WhiteElo "2299"]
[BlackElo "2046"]
[EventDate "2010.03.06"]
[PlyCount "79"]

1.d4 Nf6 2.Nf3 g6 3.c4 Bg7 4.Nc3 O-O 5.Bg5 h6 6.Bh4 d6 7.e3 c6 8.Be2 Nbd7 
9.Qc2 e5 10.Rd1 Qe7 11.dxe5 dxe5 12.O-O g5 13.Bg3 Nh5 14.Bd3 Nc5 15.Bf5 
Nxg3 16.hxg3 a5 17.Bxc8 Raxc8 18.e4 Ne6 19.Ne2 h5 20.a3 Rfd8 21.Qc3 g4 22.
Nh4 Nd4 23.Nxd4 exd4 24.Qxa5 Qe5 25.Qxe5 Bxe5 26.Nf5 Rd7 27.Rd3 b5 28.Rc1 
Rb8 29.cxb5 Rxb5 30.b4 Rb6 31.Rc5 f6 32.Ra5 Kf7 33.f4 gxf3 34.gxf3 Rb5 35.
Rxb5 cxb5 36.Kf1 Rd8 37.f4 Bb8 38.Rxd4 Rxd4 39.Nxd4 h4 40.Kg2 1-0

[Event "11th EUR-ch"]
[Site "Rijeka CRO"]
[Date "2010.03.16"]
[Round "10"]
[White "Bente, Bjorn"]
[Black "Hayes, Peter"]
[Result "1-0"]
[WhiteElo "2245"]
[BlackElo "2046"]
[EventDate "2010.03.06"]
[PlyCount "61"]

1.d4 f5 2.g3 e6 3.Bg2 d5 4.c4 Nf6 5.Nf3 c6 6.O-O Bd6 7.Qc2 O-O 8.Ne5 Na6 
9.Nd3 Ne4 10.a3 c5 11.dxc5 Naxc5 12.cxd5 Bd7 13.Nxc5 Nxc5 14.Nc3 Rc8 15.
Qd1 e5 16.b4 Na6 17.Bb2 Rc4 18.Rc1 Qg5 19.Nb1 Rxc1 20.Qxc1 f4 21.Nc3 Bf5 
22.Nb5 Rc8 23.Qa1 Bb8 24.Bxe5 Bd7 25.Bxb8 Nxb8 26.Nd6 Rf8 27.Nxb7 Bg4 28.
Re1 Nd7 29.Nc5 Nxc5 30.bxc5 h5 31.Qd4 1-0

[Event "11th EUR-ch"]
[Site "Rijeka CRO"]
[Date "2010.03.16"]
[Round "10"]
[White "Bakin, Alexander"]
[Black "Valkovic, Kristian"]
[Result "1-0"]
[WhiteElo "2232"]
[BlackElo "2027"]
[EventDate "2010.03.06"]
[PlyCount "61"]

1.e4 e6 2.d4 d5 3.Nd2 Nf6 4.e5 Nfd7 5.Bd3 c5 6.c3 Nc6 7.Ne2 cxd4 8.cxd4 a5
9.O-O Nb6 10.Nf3 Be7 11.g3 a4 12.h4 Bd7 13.Ng5 g6 14.f4 h5 15.Bd2 Na5 16.
Bxa5 Rxa5 17.Rc1 Na8 18.Qc2 Rg8 19.Kg2 Qb6 20.Rb1 Nc7 21.b4 Ra8 22.b5 Ra5 
23.Rfc1 Nxb5 24.Nc3 Nxd4 25.Rxb6 Nxc2 26.Rxc2 Bc6 27.Bb5 d4+ 28.Bxc6+ bxc6
29.Rb8+ Bd8 30.Nce4 Kd7 31.Rb7+ 1-0

[Event "11th EUR-ch"]
[Site "Rijeka CRO"]
[Date "2010.03.16"]
[Round "10"]
[White "Beletic, Daniel"]
[Black "Durandeau, Jean-Marie"]
[Result "0-1"]
[WhiteElo "2232"]
[BlackElo "2040"]
[EventDate "2010.03.06"]
[PlyCount "52"]

1.e4 c6 2.d4 d5 3.exd5 cxd5 4.c4 Nf6 5.Nc3 e6 6.Nf3 Be7 7.cxd5 Nxd5 8.Bd3 
Nc6 9.O-O O-O 10.Re1 Bf6 11.Be4 Nce7 12.Qd3 Ng6 13.Bd2 b6 14.Bxd5 exd5 15.
h3 Be6 16.Rac1 Rc8 17.Qa6 Qd7 18.Qb5 Qb7 19.Bg5 Bxg5 20.Nxg5 Nf4 21.Rcd1 
a6 22.Qb4 Bf5 23.Qd6 Nd3 24.Nxd5 Nxe1 25.Ne7+ Kh8 26.Nxc8 Qxg2# 0-1

[Event "11th EUR-ch"]
[Site "Rijeka CRO"]
[Date "2010.03.16"]
[Round "10"]
[White "Jokic, Miljenko"]
[Black "Gebigke, Martin"]
[Result "0-1"]
[WhiteElo "1949"]
[BlackElo "2232"]
[EventDate "2010.03.06"]
[PlyCount "58"]

1.e4 c5 2.Nf3 d6 3.d4 cxd4 4.Nxd4 Nf6 5.Nc3 a6 6.Be3 e5 7.Nb3 Be6 8.Qd2 
Nbd7 9.O-O-O Be7 10.h3 Rc8 11.Be2 O-O 12.f3 Nb6 13.g4 d5 14.exd5 Nbxd5 15.
Nxd5 Nxd5 16.Kb1 Qc7 17.Bd3 a5 18.Be4 Rfd8 19.Qf2 a4 20.Bxd5 Rxd5 21.Rxd5 
Bxd5 22.Nc1 a3 23.Rh2 axb2 24.Kxb2 Qc3+ 25.Kb1 Ba3 26.Nd3 e4 27.fxe4 Bxe4 
28.Bd4 Qxd3 29.cxd3 Rc1# 0-1

[Event "11th EUR-ch"]
[Site "Rijeka CRO"]
[Date "2010.03.16"]
[Round "10"]
[White "Kostanjsek, Zorko"]
[Black "Klasan, Elvis"]
[Result "1-0"]
[WhiteElo "2204"]
[BlackElo "1995"]
[EventDate "2010.03.06"]
[PlyCount "108"]

1.c4 g6 2.g3 Bg7 3.Bg2 d6 4.Nc3 Nf6 5.d4 O-O 6.Nf3 c6 7.O-O Bg4 8.h3 Bd7 
9.e4 Qc8 10.Kh2 Na6 11.Re1 Ne8 12.e5 Nac7 13.Be3 dxe5 14.Nxe5 Be6 15.b3 f6
16.Nd3 Bf7 17.Rc1 Na6 18.d5 Nd6 19.Bf4 g5 20.Bxd6 exd6 21.dxc6 bxc6 22.Qf3
Bg6 23.b4 Rb8 24.b5 cxb5 25.cxb5 Nc5 26.Nd5 Kh8 27.Nxc5 dxc5 28.a4 f5 29.
Ne7 Qc7 30.Qe3 f4 31.Nxg6+ hxg6 32.Qxc5 Qb6 33.Qxb6 axb6 34.Rc7 Rbe8 35.
Rxe8 Rxe8 36.gxf4 gxf4 37.Bf3 Bd4 38.Kg2 Re5 39.Rd7 Bc5 40.Rc7 g5 41.Bh5 
Bd6 42.Rc6 Bc5 43.a5 bxa5 44.b6 Kg7 45.b7 Ba7 46.Ra6 f3+ 47.Bxf3 Bb8 48.
Ra8 Re8 49.Rxa5 Bf4 50.Bg4 Rb8 51.Bc8 Kf6 52.Kf3 Bd2 53.Ra1 Bf4 54.Kg4 Bh2
1-0